000 00801nam a2200265 i 4500
001 C2-0335617
003 PPAK
005 20180728134951.0
008 160216s2006 my a|||| ||||| | eng d
020 _a9831881613 ; 9789831881613
040 _aPPAK
_beng
_cPPAK
_erda
082 0 4 _a428.6
_223
090 0 0 _a428.6
_bSIT
_dK
100 0 _aSiti Nur Sofiah,
_eauthor
245 1 0 _aGold rain and other stories
264 1 _aPetaling Jaya, Selangor :
_bNikaz Publications ,
_c2006
300 _a76 pages :
_bcolour illustrations ;
_c21 cm
336 _2rdacontent
_atext
337 _2rdamedia
_aunmediated
338 _2rdacarrier
_avolume
490 1 _aTraditional stories around the world
650 1 0 _aReaders - Fiction.
830 0 _aTraditional stories around the world
942 _ddc
_cB
999 _c133748
_d133748